000
00327pab a2200133 454500
008
180718b xxu||||| |||| 00| 0 eng d
100
_a
Amrik Singh
245
_a
The unemployable
362
_a
17 Jun 1994, p.13
650
_a
Unemployment
650
_a
Employment (Economic Theory)
773
_a
Hindustan Times
909
_a
26714
999
_c
26714
_d
26714